00636nam a2200145Ia 4500008004100000245018800041260002400229260000900253300000800262650002300270650001200293856009300305999001900398952007300417170516s9999 xx 000 0 und d a- LAA Occluder View for post-implantation Evaluation (LOVE) - standardized imaging proposal evaluating implanted left atrial appendage occlusion devices by cardiac computed tomography bBMC Medical Imaging c2016 a16: xMedical Technology xMedtech uhttp://bmcmedimaging.biomedcentral.com/articles?query=&volume=16&searchType=&tab=keyword c329887d329887 001040aCLbCLd2017-05-16l0r2017-05-16 00:00:00w2017-05-16yFOJ